000 00533nam a2200133Ia 4500
008 220217s9999 xx 000 0 und d
100 _aDeepthi, P.R.
245 0 _aStudies on cultural, physiological, pathological and molecular variability among Cylindrocladium quinqueseptatum isolates and the reaction of some Hevea clones to the pathogen
260 _bMahatma Gandhi University
_a Kottayam
_c2007
500 _aAvailable in Pathology
500 _aCourse: M.Sc.
700 _aDr Annakutty Joseph and Dr Shaji Philip
942 _cTS
999 _c74256
_d74256